Southville International School and Colleges
Your cart is empty.
  • Cart
  • Lists
    Public lists list_1 View all
    Your lists Log in to create your own lists
  • Log in to your account
  • Your cookies
  • Search history
Southville International School and Colleges
  • Advanced search
  • Recent comments
  • Most popular
  • Libraries

Log in to your account

Log in with GOOGLE


If you do not have an external account, but do have a local account, you can still log in:

  1. Home
  2. MARC view: This is the way we go to school :
Normal view MARC view ISBD view

This is the way we go to school : (Record no. 341427)

[ view plain ]
MARC details
000 -LEADER
fixed length control field 00580nam a2200217Ia 4500
008 - FIXED-LENGTH DATA ELEMENTS--GENERAL INFORMATION
fixed length control field 170918s9999 xx 000 0 und d
020 ## - INTERNATIONAL STANDARD BOOK NUMBER
International Standard Book Number 9780590431620
050 ## - LIBRARY OF CONGRESS CALL NUMBER
Item number B141 1990
100 ## - MAIN ENTRY--PERSONAL NAME
Personal name Baer, Edith
245 ## - TITLE STATEMENT
Title This is the way we go to school :
245 ## - TITLE STATEMENT
Remainder of title a book about children around the world /
245 ## - TITLE STATEMENT
Statement of responsibility, etc Edith Baer ; illustrated by Steve Bjorkman.
260 ## - PUBLICATION, DISTRIBUTION, ETC. (IMPRINT)
Place of publication, distribution, etc New York :
260 ## - PUBLICATION, DISTRIBUTION, ETC. (IMPRINT)
Name of publisher, distributor, etc Scholastic,
260 ## - PUBLICATION, DISTRIBUTION, ETC. (IMPRINT)
Date of publication, distribution, etc 1990
300 ## - PHYSICAL DESCRIPTION
Extent unpaged :
300 ## - PHYSICAL DESCRIPTION
Other physical details colored illustration ;
300 ## - PHYSICAL DESCRIPTION
Dimensions 26cm.
440 ## - SERIES STATEMENT/ADDED ENTRY--TITLE
Title A blue ribbon book.
500 ## - GENERAL NOTE
General note 360
Holdings
Withdrawn status Lost status Damaged status Home library Current library Date acquired Total Checkouts Full call number Barcode Date last seen Price effective from Koha item type
      Stonyhurst Southville International School (Malarayat) Stonyhurst Southville International School (Malarayat) 09/18/2017   LEX B141 1990 SSISM0499 09/18/2017 09/18/2017 Lexile

This is the way we go to school :

APA

Baer E., .This is the way we go to school. New York: .

Chicago

Baer Edith, .This is the way we go to school. New York: .

Harvard

Baer E., .This is the way we go to school. New York: .

MLA

Baer Edith, .New York: . .

  • Place hold
  • Print
  • Cite
  • Add to your cart (remove)
  • Save record
    BIBTEX Dublin Core MARCXML MARC (non-Unicode/MARC-8) MARC (Unicode/UTF-8) MARC (Unicode/UTF-8, Standard) MODS (XML) RIS
  • More searches
    Search for this title in:
    Other Libraries (WorldCat) Other Databases (Google Scholar) Online Stores (Bookfinder.com) Open Library (openlibrary.org)

Exporting to Dublin Core...

SOUTHVILLE LIBRARY

Southville International School and Colleges Library

1281 Tropical Ave. Cor. Luxembourg St., BF Homes International, Las Pinas City

Tel. No. 8256374 / 252358 Loc. 117/146

Powered by Koha